MARC

LEADER 00000nam0a2200000 4500
001 269336
005 20231101234239.0
035 |a (RuTPU)RU\TPU\book\292510 
090 |a 269336 
100 |a 20140917d1987 km y0rusy50 ca 
101 0 |a rus 
102 |a RU 
105 |a a g 000zy 
200 1 |a Справочник мастера-сантехника  |f Б. А. Журавлев 
205 |a 6-е изд., перераб. и доп. 
210 |a Москва  |c Стройиздат  |d 1987 
215 |a 496 с.  |c ил. 
606 1 |a Санитарно-технические работы  |2 stltpush  |3 (RuTPU)RU\TPU\subj\53800  |9 71962 
610 1 |a справочники 
610 1 |a контрольно-измерительные приборы 
610 1 |a арматура 
610 1 |a материалы 
610 1 |a санитарно-техническое оборудование 
610 1 |a отопительное оборудование 
610 1 |a электродвигатели 
610 1 |a воздушно-отопительные агрегаты 
610 1 |a инструменты 
610 1 |a монтажно-сборочные работы 
610 1 |a сварочные работы 
675 |a 696/697.057(035)  |v 3 
700 1 |a Журавлев  |b Б. А.  |g Борис Алексеевич 
801 1 |a RU  |b 63413507  |c 20140917 
801 2 |a RU  |b 63413507  |c 20160302  |g RCR 
942 |c BK